Mitos y monitos : historietas y fotonovelas en México /
El por qué del éxito y la popularidad de historietas y fotonovelas, es la preocupación central a la que responde este libro, analizando este importante fenómeno desde diversos ángulos. Este trabajo estudia quiénes producen, distribuyen y consumen historietas y fotonovelas, cómo, dónde, cuál es su le...
Сохранить в:
| Главный автор: | |
|---|---|
| Другие авторы: | |
| Формат: | |
| Язык: | испанский |
| Опубликовано: |
México :
Nueva Imagen,
1979
|
| Предметы: | |
| Метки: |
Нет меток, Требуется 1-ая метка записи!
|
MARC
| LEADER | 00000nam^a2200000^a^4500 | ||
|---|---|---|---|
| 001 | 000022368 | ||
| 005 | 20250521000000.0 | ||
| 009 | 20260310084453.773 | ||
| 020 | |a 968-429-161-2 | ||
| 037 | |a Acervo ITESO - Biblioteca | ||
| 041 | |a ESP | ||
| 082 | |a 741. 5909 |b HER | ||
| 100 | |a Herner, Irene |e (autor) | ||
| 245 | 1 | 0 | |a Mitos y monitos : |b historietas y fotonovelas en México / |c I. Herner ; pról. de H. González Casanova. |
| 264 | 1 | |a México : |b Nueva Imagen, |c 1979 | |
| 300 | |a 318 p. | ||
| 336 | |a texto |b txt |2 rdacontenido | ||
| 337 | |a sin mediación |b n |2 rdamedio | ||
| 338 | |a volumen |b nc |2 rdasoporte | ||
| 520 | |a El por qué del éxito y la popularidad de historietas y fotonovelas, es la preocupación central a la que responde este libro, analizando este importante fenómeno desde diversos ángulos. Este trabajo estudia quiénes producen, distribuyen y consumen historietas y fotonovelas, cómo, dónde, cuál es su lenguaje específico, qué relación guardan con los demás términos de la cultura y de los mass media este tipo de mensajes, cuáles son sus consecuencias y qué alternativas políticas existen frente a ellos. | ||
| 649 | |a XX | ||
| 650 | |a Medios de Comunicación | ||
| 650 | |a Historietas y Caricaturas - |x Estudio y Enseñanza | ||
| 700 | |a González Casanova, Henrique |e (prólogo) | ||
| 910 | |a Fondo General | ||
| 920 | |a Impresos - Libros | ||
| 930 | |a Colección General | ||
| 905 | |a 101 | ||
| 901 | |a 0223680100 |b IT1 |c ACC |i 022368 |u 20250521 | ||
| 902 | |a https://opac.biblio.iteso.mx/vufind/Record/000022368 | ||